[Event "BCF-ch U16"]
[Site "Hull"]
[Date "2018.08.02"]
[Round "5"]
[White "Bhandari, Arya Neel"]
[Black "Cox, Ben"]
[Result "1-0"]
[WhiteElo "1121"]
[BlackElo "1466"]
[PlyCount "89"]
[EventDate "2018.07.29"]
[EventType "swiss"]
[EventRounds "7"]
[EventCountry "ENG"]
[SourceTitle "CBM 186 Extra"]
[Source "ChessBase"]
[SourceDate "2018.08.24"]
[SourceVersion "1"]
[SourceVersionDate "2018.08.24"]
[SourceQuality "1"]

1. e4 c5 2. d4 cxd4 3. c3 d3 4. Bxd3 g6 5. Nf3 Nc6 6. 0-0 Bg7 7. Be3 d5 8. Bb5 a6 9. Ba4 e6 10. exd5 Qxd5 11. Qxd5 exd5 12. Bc5 b5 13. Bb3 Be6 14. Re1 0-0-0 15. Ng5 Re8 16. Bxd5 Bd7 17. Rxe8+ Bxe8 18. Bxc6 Bxc6 19. Nxf7 Nh6 20. Nxh8 Bxh8 21. Nd2 Nf5 22. Re1 Kd7 23. g4 Nd6 24. Bd4 Bxd4 25. cxd4 Bd5 26. a3 a5 27. f3 b4 28. Ne4 bxa3 29. Nxd6 Kxd6 30. bxa3 Bxf3 31. g5 a4 32. Kf2 Bc6 33. Ke3 Kd5 34. Rf1 Kc4 35. Rc1+ Kb5 36. Rxc6 Kxc6 37. Ke4 Kd6 38. d5 Kd7 39. Ke5 Ke7 40. d6+ Kd7 41. Kd5 Kd8 42. Ke6 Ke8 43. d7+ Kd8 44. Kd6 h5 45. gxh6 1-0

[Event "BCF-ch U14"]
[Site "Llandudno"]
[Date "2017.08.02"]
[Round "4"]
[White "Nayak, Aurideep"]
[Black "Cox, Ben"]
[Result "1/2-1/2"]
[WhiteElo "1627"]
[BlackElo "1532"]
[PlyCount "125"]
[EventDate "2017.07.30"]
[EventType "swiss"]
[EventRounds "7"]
[EventCountry "WLS"]
[SourceTitle "CBM 179 Extra"]
[Source "ChessBase"]
[SourceDate "2017.08.23"]
[SourceVersion "1"]
[SourceVersionDate "2017.08.23"]
[SourceQuality "1"]

1. d4 e6 2. Nf3 f5 3. c4 Nf6 4. g3 Be7 5. Bg2 d6 6. 0-0 Ne4 7. Qc2 a5 8. Nc3 Nxc3 9. Qxc3 Bf6 10. Qd3 Nc6 11. a3 e5 12. dxe5 dxe5 13. Qxd8+ Nxd8 14. Bg5 e4 15. Bxf6 exf3 16. Bxd8 fxg2 17. Rfd1 Be6 18. Bxc7 Bxc4 19. Kxg2 0-0 20. e3 a4 21. Rac1 b5 22. Be5 Rad8 23. Bc3 Kf7 24. Rd4 Rxd4 25. Bxd4 g6 26. Bc3 Re8 27. Re1 Bd3 28. Kg1 Be4 29. Rc1 Bf3 30. Bd4 Re6 31. Kf1 Rc6 32. Rxc6 Bxc6 33. Ke2 Ke6 34. f3 h5 35. h3 g5 36. h4 g4 37. fxg4 fxg4 38. Kd3 Kf5 39. Bb6 Ke5 40. Bc7+ Kf5 41. Kd4 Ke6 42. e4 Kd7 43. Bb8 Ke6 44. e5 Bd5 45. Ke3 Bc6 46. Kf4 Be8 47. Kg5 Bf7 48. Kh6 Be8 49. Kg7 Bf7 50. Bc7 Be8 51. Kh6 Bf7 52. Kg5 Be8 53. Kf4 Bf7 54. Kg5 Be8 55. Kf4 Bf7 56. Ke4 Be8 57. Kd4 Bc6 58. Kc3 Bd5 59. Kb4 Bc4 60. Bb8 Bd3 61. b3 axb3 62. Kxb3 Be2 63. Kb4 1/2-1/2